Movie Ratings Click Quiz #1 - Statistics

General Stats
  • This quiz has been taken 28,362 times
  • The average score is 13 of 25
Answer Stats
Hint Answer % Correct
78%
75%
64%
62%
60%
58%
58%
58%
58%
57%
56%
54%
52%
51%
49%
46%
46%
44%
38%
38%
38%
35%
35%
32%
28%
No matching quizzes found
Score Distribution
Percent of People with Each Score
Percentile by Number Answered
Your Score History
You have not taken this quiz